01452 a2200193 45000010006000000050017000060080041000230030015000640400040000790800031001192450045001500200022001952640048002173000019002655050838002840410008011221000029011308560099011594490620260407155724.0260407a2015 arg spa dAR-UNSa-BCEJYS aAR-UNSa-BCEJYSbspacAR-UNSa-BCEJYS a330xEconomía en general10aProgresos en medición de la economía a978-987-3887-07-9 1aBuenos Aires :bTemas Grupo Editorialc2015 a403 p.c23 cm. a1. Introducción / Ariel Coremberg – 2. Una nueva arquitectura para el sistema de cuentas nacionales / Dale W. Jorgenson – Daniel T. Slesnick – 3. Números Índice y Teoría económica / Federico Dorin – Daniel Perrotti – 4. Problemas con la medición de los servicios bancarios en el marco de las cuentas nacionales / Erwin Diewert – Dennis Fixler – Kimberly Zieschang – 5. Medición de los servicios de salud en las cuentas nacionales: una perspectiva internacional / Paul Schreyer – Matilde Mas – 6. Contabilidad del conocimiento: metodología y resultados / Francisco Pérez - Eva Benages – 7. Intangibles en la nueva economía / Matilde Mas – Javier Quesada – 8. Midiendo la productividad y las fuentes del crecimiento de la economía Argentina. El proyecto ARKLEMS+LAND / Ariel Coremberg - aspa1 aCoremberg, Ariel Alberto41uhttps://www.biblioeco.unsa.edu.ar/pmb/images/libros/L127030.jpgyImagen de portadaqimage/jpeg